[Event "East Lansing (MOR/6)"]
[Site "?"]
[Date "1991.??.??"]
[Round "?"]
[White "Vorhauer, Sam"]
[Black "Smeckert, Dennis"]
[Result "1-0"]
[WhiteElo "1605"]
[BlackElo "1605"]
[PlyCount "119"]
[EventDate "1991.??.??"]

1. d4 d5 2. Nf3 Nc6 3. e3 a6 4. c3 Bf5 5. Bd3 g6 6. Qc2 Bxd3 7. Qxd3 f6 8. e4
e6 9. O-O Qd7 10. Re1 O-O-O 11. Nbd2 g5 12. b4 Na7 13. a4 Be7 14. Nb3 dxe4 15.
Qxe4 Qd5 16. Qxe6+ Qxe6 17. Rxe6 g4 18. Nh4 Rd6 19. Re4 Bd8 20. Rxg4 Ne7 21. c4
f5 22. Rf4 Re8 23. Be3 Ng6 24. Nxg6 hxg6 25. d5 b6 26. b5 Rf6 27. Nd4 Rf7 28.
Ne6 g5 29. Rf3 g4 30. Rf4 c5 31. bxc6 Nxc6 32. Nxd8 Nxd8 33. Bxb6 Re2 34. Bxd8
Kxd8 35. Kf1 Rc2 36. Rb1 Ke7 37. d6+ Kxd6 38. Rb6+ Kc5 39. Rxa6 Kb4 40. c5+
Kxc5 41. g3 Ra2 42. Rxf5+ Rxf5 43. Ra5+ Kd6 44. Rxf5 Rxa4 45. Rf4 Ra2 46. Kg2
Ke5 47. Rxg4 Kf5 48. Rg8 Ra1 49. h4 Rb1 50. h5 Ra1 51. h6 Ra7 52. Rg7 Ra8 53.
h7 Rh8 54. Rc7 Kg6 55. Kh3 Kg5 56. f4+ Kh6 57. Kh4 Kg6 58. g4 Kh6 59. f5 Rg8
60. hxg8=N# 1-0

[Event "East Lansing (MOR/4)"]
[Site "?"]
[Date "1991.??.??"]
[Round "?"]
[White "Vorhauer, Sam"]
[Black "Griffin, John"]
[Result "0-1"]
[WhiteElo "1605"]
[BlackElo "1610"]
[PlyCount "122"]
[EventDate "1991.??.??"]

1. d4 Nf6 2. Nf3 e6 3. e3 d5 4. Bd3 c5 5. c3 Be7 6. dxc5 Bxc5 7. Nbd2 a6 8. O-O
O-O 9. Qc2 Nc6 10. a3 b5 11. h3 e5 12. e4 Be7 13. exd5 Qxd5 14. Ne4 g6 15.
Nxf6+ Bxf6 16. Be4 Qd7 17. Rd1 Qc7 18. Bg5 Bxg5 19. Nxg5 h6 20. Nf3 Bb7 21. Qd2
Kg7 22. Qd7 Rac8 23. Qxc7 Rxc7 24. Bxc6 Bxc6 25. Nxe5 Bb7 26. Rd4 Re8 27. Re1
Rce7 28. f4 f6 29. Nd3 Rxe1+ 30. Nxe1 Rxe1+ 31. Kf2 Re7 32. g3 Kf7 33. f5 g5
34. Rd8 Rc7 35. Rh8 Kg7 36. Rd8 h5 37. Rd4 a5 38. g4 hxg4 39. hxg4 Kf7 40. Rd3
Bc6 41. Rd2 Be8 42. Rd3 Rc4 43. Rd4 Ke7 44. Rxc4 bxc4 45. Ke3 Kd6 46. Kd4 Bf7
47. Ke4 Kc5 48. Ke3 Be8 49. Ke4 Bc6+ 50. Ke3 Kb5 51. Kd4 Bf3 52. a4+ Kc6 53.
Kxc4 Bxg4 54. Kd4 Bxf5 55. b4 Bc2 56. b5+ Kd6 57. c4 Bxa4 58. c5+ Kc7 59. b6+
Kc6 60. b7 Kxb7 61. Kd5 Kc7 0-1

[Event "East Lansing (MOR/2)"]
[Site "?"]
[Date "1991.??.??"]
[Round "?"]
[White "Vorhauer, Sam"]
[Black "Endres, John"]
[Result "1-0"]
[WhiteElo "1605"]
[BlackElo "1605"]
[PlyCount "96"]
[EventDate "1991.??.??"]

1. d4 Nf6 2. Nf3 g6 3. c3 Bg7 4. e3 O-O 5. Bd3 d6 6. Nbd2 Nc6 7. O-O Re8 8. Qc2
e5 9. Re1 Bg4 10. dxe5 dxe5 11. e4 Nh5 12. h3 Bc8 13. Nb3 Nf4 14. Bxf4 exf4 15.
Rad1 Ne5 16. Nxe5 Rxe5 17. Nd4 c6 18. Nf3 Re8 19. Qb3 b5 20. Bxb5 Qb6 21. Bc4
Be6 22. Qxb6 axb6 23. Bxe6 Rxe6 24. a3 Rae8 25. Nd2 Rd6 26. f3 Red8 27. Re2 b5
28. Kf1 c5 29. Ke1 b4 30. axb4 cxb4 31. Rc1 bxc3 32. bxc3 Rc8 33. Nb1 Rd3 34.
e5 Re3 35. Rxe3 fxe3 36. f4 Rc4 37. g3 Kf8 38. Ke2 Ke7 39. Kxe3 Ke6 40. Nd2 Rc6
41. Nf3 Ke7 42. c4 f6 43. Nd4 Rc5 44. exf6+ Bxf6 45. Kd3 Rc7 46. Re1+ Kd7 47.
Ne6 Rc6 48. Nf8+ Kd6 1-0

[Event "East Lansing (MOR/6)"]
[Site "?"]
[Date "1991.??.??"]
[Round "?"]
[White "Vega, D."]
[Black "Sujarit, P."]
[Result "1-0"]
[WhiteElo "1665"]
[BlackElo "1605"]
[PlyCount "85"]
[EventDate "1991.??.??"]

1. e4 e5 2. Nf3 Nc6 3. Bb5 a6 4. Ba4 Nf6 5. O-O Be7 6. Re1 b5 7. Bb3 O-O 8. c3
d5 9. exd5 Nxd5 10. Nxe5 Nxe5 11. Rxe5 c6 12. d4 Bd6 13. Rh5 Nf6 14. Bg5 Bg4
15. Qxg4 Qe8 16. Qd1 Nxh5 17. Nd2 Nf4 18. Qg4 Qe2 19. Qxe2 Nxe2+ 20. Kf1 Rae8
21. g3 h6 22. Be3 Nxg3+ 23. hxg3 Kh8 24. Re1 g5 25. a4 Kg7 26. c4 Bb4 27. axb5
axb5 28. cxb5 cxb5 29. Rc1 f5 30. Nf3 f4 31. Rc7+ Re7 32. Rxe7+ Bxe7 33. gxf4
Bd6 34. Ne5 gxf4 35. Bd2 Bxe5 36. dxe5 f3 37. Bb4 Rf5 38. e6 Rh5 39. Kg1 Rg5+
40. Kh2 Rg2+ 41. Kh3 Rxf2 42. Kg3 Rf1 43. e7 1-0

[Event "East Lansing (MOR/4)"]
[Site "?"]
[Date "1991.??.??"]
[Round "?"]
[White "Vega, D."]
[Black "Mikus, R."]
[Result "0-1"]
[WhiteElo "1665"]
[BlackElo "1605"]
[PlyCount "74"]
[EventDate "1991.??.??"]

1. e4 c5 2. Nf3 Nc6 3. Bc4 Nf6 4. Nc3 d6 5. h3 g6 6. d3 Bg7 7. Be3 O-O 8. a3 a6
9. g4 b5 10. Ba2 Bd7 11. Ne2 c4 12. Ng3 cxd3 13. Qxd3 Rc8 14. g5 Ne8 15. h4
Bxb2 16. Rb1 Qa5+ 17. Bd2 Qxa3 18. Bb3 Be6 19. Rxb2 Qxb2 20. Bc3 Qc1+ 21. Ke2
Qa3 22. h5 Bxb3 23. cxb3 Qxb3 24. hxg6 fxg6 25. Nd2 Qf7 26. f3 Ng7 27. Rf1 Ne6
28. Qe3 Qf4 29. Qf2 Qxg5 30. Qh2 Ncd4+ 31. Kd3 Nc6 32. Rg1 Nf4+ 33. Kc2 Ne5 34.
Nf5 Qf6 35. Qxf4 b4 36. Nh6+ Kg7 37. Nf5+ Kh8 0-1

[Event "East Lansing (MOR/2)"]
[Site "?"]
[Date "1991.??.??"]
[Round "?"]
[White "Vega, D."]
[Black "Gramlich, Allen"]
[Result "1-0"]
[WhiteElo "1665"]
[BlackElo "1605"]
[PlyCount "51"]
[EventDate "1991.??.??"]

1. e4 e5 2. Nf3 Nc6 3. Bb5 a6 4. Ba4 Nf6 5. O-O Bc5 6. h3 Nxe4 7. Qe2 Nxf2 8.
Rxf2 Bxf2+ 9. Qxf2 e4 10. Qe3 Qe7 11. Ng5 f5 12. Bb3 Nd4 13. Qxd4 Qxg5 14. Qe5+
Qe7 15. Qxc7 Qg5 16. Nc3 Qf6 17. Nd5 Qd4+ 18. Ne3 g5 19. c3 Qa7 20. Qe5+ Kd8
21. Qxh8+ Kc7 22. Qe5+ d6 23. Qe7+ Kb6 24. Qxd6+ Kb5 25. a4+ Ka5 26. Qb4# 1-0

[Event "Ann Arbor (HVA/1/6)"]
[Site "?"]
[Date "1991.??.??"]
[Round "?"]
[White "Vaughn, Gerald"]
[Black "Triplett, Thomas"]
[Result "0-1"]
[WhiteElo "1605"]
[BlackElo "1840"]
[PlyCount "77"]
[EventDate "1991.??.??"]

{1/(6)} 1. e4 c5 2. Nf3 d6 3. c3 Nf6 4. d4 Nxe4 5. dxc5 Nxc5 6. Be3 Nc6 7. Bb5
Bd7 8. Nbd2 e6 9. Bxc5 dxc5 10. O-O Be7 11. Re1 O-O 12. Ne4 Qc7 13. Qc2 Rfd8
14. Re3 a6 15. Bd3 h6 16. Ng3 e5 17. Rae1 Bd6 18. Bf5 Bxf5 19. Qxf5 Ne7 20. Qg4
Ng6 21. Nh5 Re8 22. Nh4 Qc8 23. Qg3 Kh7 24. Re4 Rg8 25. R1e3 Nf4 26. Qf3 f5 27.
Rxe5 Bxe5 28. Rxe5 Nxh5 29. Qxh5 Re8 30. Rxe8 Qxe8 31. Qxf5+ g6 32. Qb1 Rd8 33.
h3 Rd6 34. Nf3 Qe2 35. Kh2 Rd1 36. Ng1 Qe5+ 37. f4 Qxf4+ 38. g3 Qf2+ 39. Kh1
0-1

[Event "East Lansing (MOR/1)"]
[Site "?"]
[Date "1991.??.??"]
[Round "?"]
[White "Vaughn, Gerald"]
[Black "Sutton, T."]
[Result "0-1"]
[WhiteElo "1605"]
[BlackElo "1770"]
[PlyCount "94"]
[EventDate "1991.??.??"]

1. d4 d5 2. Nf3 Nf6 3. c4 e6 4. Nc3 c6 5. Ne5 Be7 6. Bg5 O-O 7. e3 Nbd7 8. Bf4
Re8 9. Bd3 dxc4 10. Nxc4 c5 11. Nb5 Nd5 12. Nbd6 Nxf4 13. Nxe8 Nxd3+ 14. Qxd3
Qxe8 15. O-O b6 16. Rad1 Ba6 17. a4 Rd8 18. f4 Nf6 19. b3 cxd4 20. exd4 Bc5 21.
Qe3 Bf8 22. Rc1 Nd5 23. Qe2 g6 24. Rfd1 Nxf4 25. Qe5 Nd5 26. Nd2 Bg7 27. Qe4 f5
28. Qh4 Ne3 29. Nf3 Nxd1 30. Ng5 Bxd4+ 31. Kh1 Nf2+ 32. Kg1 Ne4+ 33. Kh1 Nxg5
34. Qxg5 e5 35. h3 e4 36. Qh4 e3 37. Rc7 h5 38. Re7 Qf8 39. Qg5 Rd6 40. Rxa7 e2
41. Re7 Bf2 42. Kh2 e1=Q 43. Rxe1 Bxe1 44. Qe3 Bb4 45. Qf3 Rd3 46. Qc6 Qd6+ 47.
Qxd6 Bxd6+ 0-1

[Event "East Lansing (MOR/6)"]
[Site "?"]
[Date "1991.??.??"]
[Round "?"]
[White "Vaughn, Gerald"]
[Black "Randall, Paul"]
[Result "1-0"]
[WhiteElo "1605"]
[BlackElo "1605"]
[PlyCount "97"]
[EventDate "1991.??.??"]

1. d4 Nf6 2. c4 g6 3. Nc3 Bg7 4. e4 d6 5. Nf3 O-O 6. Be2 c6 7. O-O Qc7 8. Be3
h6 9. Qd2 Kh7 10. h3 a6 11. a4 Nbd7 12. Nh2 b6 13. g4 Bb7 14. g5 hxg5 15. Bxg5
Ng8 16. Qf4 f6 17. Qh4+ Nh6 18. Bxh6 Bxh6 19. Ng4 g5 20. Qxh6+ Kg8 21. Qg6+ Kh8
22. Nh6 d5 23. Nf7+ Rxf7 24. Qxf7 dxe4 25. Bg4 c5 26. Qh5+ Kg7 27. Bf5 Nf8 28.
d5 e3 29. Qg4 e6 30. Be4 Ng6 31. Bxg6 exf2+ 32. Rxf2 Kxg6 33. Qe4+ Kg7 34. Qf3
f5 35. Qg2 Rg8 36. Kf1 Kf8 37. Re1 g4 38. Rxe6 Qf7 39. hxg4 Qxe6 40. dxe6 Bxg2+
41. Rxg2 Rxg4 42. Rxg4 fxg4 43. Ne2 Ke7 44. Nf4 Kd6 45. Kf2 Ke7 46. Kg3 Kf6 47.
Kxg4 Ke7 48. Kf5 Kf8 49. Kf6 1-0

[Event "Detroit (MI Action/3)"]
[Site "?"]
[Date "1991.??.??"]
[Round "?"]
[White "Vaughn, Gerald"]
[Black "Randall, Paul"]
[Result "1-0"]
[WhiteElo "1605"]
[BlackElo "1605"]
[PlyCount "57"]
[EventDate "1991.??.??"]

1. d4 Nf6 2. c4 e6 3. Nc3 Bb4 4. Qc2 c5 5. a3 Bxc3+ 6. bxc3 Qa5 7. Bd2 b6 8. e4
Bb7 9. Bd3 Nc6 10. Nf3 O-O 11. e5 Ne8 12. Bxh7+ Kh8 13. Be4 d5 14. cxd5 exd5
15. Bxd5 cxd4 16. Ng5 g6 17. Nxf7+ Rxf7 18. Bxf7 Qxe5+ 19. Kf1 Ba6+ 20. Kg1 d3
21. Qd1 Qf5 22. h4 Qxf7 23. h5 gxh5 24. Rxh5+ Kg8 25. Qg4+ Kf8 26. Re1 Ne7 27.
Rh8+ Ng8 28. Bh6+ Ng7 29. Qb4+ 1-0

[Event "East Lansing (MOR/4)"]
[Site "?"]
[Date "1991.??.??"]
[Round "?"]
[White "Vaughn, Gerald"]
[Black "Nikitin, Mike"]
[Result "1-0"]
[WhiteElo "1605"]
[BlackElo "1630"]
[PlyCount "101"]
[EventDate "1991.??.??"]

1. d4 Nf6 2. c4 d5 3. Nc3 g6 4. Nf3 Bg7 5. cxd5 Nxd5 6. e4 Nxc3 7. bxc3 c5 8.
Be3 Qa5 9. Qd2 Nc6 10. e5 cxd4 11. cxd4 Qxd2+ 12. Nxd2 O-O 13. Bc4 Nb4 14. Rc1
Be6 15. Bxe6 Nd3+ 16. Kd1 fxe6 17. Ne4 Nxc1 18. Bxc1 b6 19. Ke2 Rac8 20. Kd3
Rc6 21. Ba3 Rf7 22. f3 h6 23. h4 Kf8 24. h5 g5 25. Rf1 Ke8 26. g3 Kd7 27. f4
gxf4 28. gxf4 Rc8 29. Nc3 Kc6 30. Rg1 Rd8 31. Rg6 Kd7 32. Ke4 Rc8 33. Rg3 Rcf8
34. Bc1 Bh8 35. Rg6 Bg7 36. Rg2 Rc8 37. Bb2 a6 38. Na4 Rb8 39. Ba3 Bf8 40. Rb2
Kc6 41. Rc2+ Kb7 42. Rb2 Ka7 43. Nxb6 Rf5 44. Bc5 Rxb6 45. Rxb6 Rxh5 46. Rxe6+
Kb7 47. Bxe7 Bxe7 48. Rxe7+ Kb6 49. d5 Rh1 50. Kf5 h5 51. Rh7 1-0

[Event "Ann Arbor (HVA/3/14)"]
[Site "?"]
[Date "1991.??.??"]
[Round "?"]
[White "Vaughn, Gerald"]
[Black "Moore, Deane"]
[Result "0-1"]
[WhiteElo "1605"]
[BlackElo "1605"]
[PlyCount "72"]
[EventDate "1991.??.??"]

{3/(14)} 1. e4 e5 2. Nf3 d6 3. Bc4 h6 4. Nc3 Nf6 5. O-O a6 6. Re1 Nc6 7. a3 Bg4
8. Nd5 Nd4 9. Nxf6+ Qxf6 10. Re3 Be7 11. Be2 Nxe2+ 12. Qxe2 Qg6 13. Kf1 h5 14.
h3 Bd7 15. a4 Bc6 16. b3 Qf6 17. Bb2 Qf4 18. g3 Qf6 19. Nh4 Qe6 20. Nf5 Kf8 21.
f4 Bf6 22. Kg2 h4 23. Rg1 Qxf5 24. Rf1 hxg3 25. Rxg3 Bxe4+ 26. Kg1 exf4 27.
Bxf6 gxf6 28. d3 Bc6 29. Qf2 Rxh3 30. Rxh3 Qxh3 31. Qh2 Qg3+ 32. Qxg3 fxg3 33.
Rxf6 Re8 34. Kf1 g2+ 35. Kf2 Re1 36. b4 g1=Q# 0-1

[Event "Detroit (HPO/2/25)"]
[Site "?"]
[Date "1991.??.??"]
[Round "?"]
[White "Vaughn, Gerald"]
[Black "Mohammed, A."]
[Result "0-1"]
[WhiteElo "1605"]
[BlackElo "1785"]
[PlyCount "82"]
[EventDate "1991.??.??"]

{2/(25)} 1. e4 c5 2. Bc4 Nc6 3. Nc3 Nf6 4. Nf3 d6 5. O-O g6 6. d4 cxd4 7. Nxd4
Bg7 8. Re1 O-O 9. Be3 Ng4 10. Nxc6 bxc6 11. Bd2 e6 12. Qxg4 d5 13. Rad1 dxc4
14. e5 Qc7 15. Bf4 Qb6 16. Bc1 f5 17. Qxc4 Re8 18. Re3 Ba6 19. Qh4 Rad8 20. Rh3
Rxd1+ 21. Nxd1 Kf7 22. Bh6 Bxe5 23. Be3 Qa5 24. f4 Bg7 25. Nc3 h6 26. Bxa7 Rd8
27. b4 Qc7 28. Bc5 Qd7 29. Qe1 Bd4+ 30. Bxd4 Qxd4+ 31. Re3 Bc4 32. h3 Qxf4 33.
Qg3 Qxg3 34. Rxg3 Rd2 35. a4 Rxc2 36. Rf3 Rb2 37. Ne4 Ke7 38. Rg3 fxe4 39. Rxg6
e3 40. Rxh6 Rb1+ 41. Kh2 e2 0-1

[Event "Detroit (HPO/4/28)"]
[Site "?"]
[Date "1991.??.??"]
[Round "?"]
[White "Vaughn, Gerald"]
[Black "McCarter, Robert"]
[Result "1-0"]
[WhiteElo "1605"]
[BlackElo "1725"]
[PlyCount "91"]
[EventDate "1991.??.??"]

{4/(28)} 1. e4 c5 2. Nf3 Nc6 3. c3 d6 4. Bb5 Bd7 5. Bxc6 Bxc6 6. Qc2 Qc7 7. d4
e6 8. Bf4 cxd4 9. cxd4 Rc8 10. Nc3 Nf6 11. Nd2 Be7 12. O-O O-O 13. h3 b5 14. a3
Qb7 15. Rfe1 Nd7 16. Re3 Qb6 17. Qd3 e5 18. Nd5 Bxd5 19. exd5 Bf6 20. dxe5 Bxe5
21. Bxe5 Nxe5 22. Qf5 Rc5 23. Nf3 Rxd5 24. Ng5 g6 25. Qe4 Qd4 26. Qxd4 Rxd4 27.
b4 h6 28. Ne4 f5 29. Nxd6 Nc4 30. Nxb5 Nxe3 31. Nxd4 Rd8 32. fxe3 f4 33. Ne6
Rd3 34. exf4 Kf7 35. Nc5 Rd2 36. Ne4 Re2 37. Nd6+ Ke6 38. Nb5 Re4 39. Nxa7 Rxf4
40. Nc6 Rf6 41. b5 Kd5 42. Rc1 g5 43. Nb4+ Kd4 44. a4 Rf4 45. a5 Ke3 46. Nd5+
1-0

[Event "East Lansing (MOR/4)"]
[Site "?"]
[Date "1991.??.??"]
[Round "?"]
[White "Vangilder, W."]
[Black "Moore, H."]
[Result "1-0"]
[WhiteElo "1605"]
[BlackElo "1605"]
[PlyCount "115"]
[EventDate "1991.??.??"]

1. d4 g6 2. c4 Bg7 3. Nc3 c6 4. Nf3 d6 5. Bg5 h6 6. Bh4 Nd7 7. e3 Ngf6 8. h3
O-O 9. Bd3 e5 10. dxe5 dxe5 11. e4 Qc7 12. b4 Ne8 13. O-O b6 14. Be7 c5 15. Bc2
cxb4 16. Ba4 bxc3 17. Rc1 Nc5 18. Bxf8 Kxf8 19. Bxe8 Kxe8 20. Rxc3 Be6 21. Qe2
Rd8 22. Qc2 Qc6 23. Nd2 f5 24. f3 Bf6 25. Re1 Bh4 26. Re2 f4 27. Nb3 Qc8 28.
Nxc5 bxc5 29. Qa4+ Kf8 30. Rc1 Rd6 31. Qxa7 Qd8 32. Qxc5 Kf7 33. Qa7+ Kf6 34.
Qa4 Rd2 35. Rxd2 Qxd2 36. Qd1 Qe3+ 37. Kh1 Bxh3 38. Qd8+ Ke6 39. Qe8+ Kf6 40.
Qd8+ Ke6 41. Qg8+ Kf6 42. Qd8+ Ke6 43. Qd5+ Kf6 44. Qd6+ Kf7 45. Rg1 Bxg2+ 46.
Rxg2 Qxf3 47. Qxg6+ Ke7 48. Qg7+ Kd6 49. Qxh6+ Kc5 50. Qxh4 Qf1+ 51. Kh2 f3 52.
Qf2+ Qxf2 53. Rxf2 Kxc4 54. Rxf3 Kd4 55. Rb3 Kxe4 56. a4 Kf4 57. a5 e4 58. a6
1-0

[Event "East Lansing (MOR/2)"]
[Site "?"]
[Date "1991.??.??"]
[Round "?"]
[White "Vangilder, W."]
[Black "Fletcher, G."]
[Result "0-1"]
[WhiteElo "1605"]
[BlackElo "1605"]
[PlyCount "88"]
[EventDate "1991.??.??"]

1. d4 d5 2. c4 c6 3. cxd5 cxd5 4. Nc3 Nf6 5. Nf3 Bf5 6. Bg5 e6 7. e3 Nc6 8. Bd3
Bg4 9. O-O Bd6 10. h3 Bh5 11. Ne2 Bxf3 12. gxf3 e5 13. Bb5 Qd7 14. Kg2 Qf5 15.
f4 Qg6 16. Ng3 exf4 17. exf4 O-O 18. Bd3 Ne4 19. f3 f6 20. fxe4 Nb4 21. Bb1
fxg5 22. Qh5 Qxh5 23. Nxh5 gxf4 24. Kf3 dxe4+ 25. Bxe4 g6 26. Rg1 Kh8 27. a3
Nc6 28. Bxc6 bxc6 29. Rae1 gxh5 30. Re6 Rad8 31. Rg5 Rfe8 32. Re4 Rxe4 33. Kxe4
Re8+ 34. Kf3 Re3+ 35. Kf2 Rxh3 36. Rf5 Rh2+ 37. Kf3 Rxb2 38. Rxh5 Rb3+ 39. Kf2
Bxa3 40. Ra5 Bb2 41. d5 cxd5 42. Rxd5 Kg7 43. Rd7+ Kg6 44. Rxa7 Bd4+ 0-1

[Event "East Lansing (MOR/7)"]
[Site "?"]
[Date "1991.??.??"]
[Round "?"]
[White "Vangilder, W."]
[Black "Austin, Joel"]
[Result "0-1"]
[WhiteElo "1605"]
[BlackElo "1605"]
[PlyCount "52"]
[EventDate "1991.??.??"]

1. d4 d5 2. c4 c6 3. Nc3 Nf6 4. Bg5 h6 5. Bh4 Bf5 6. Bg3 e6 7. e3 Bb4 8. cxd5
exd5 9. Bd3 Bxc3+ 10. bxc3 Bxd3 11. Qxd3 O-O 12. Bh4 Nbd7 13. Ne2 c5 14. Ng3 c4
15. Qc2 g5 16. Nf5 gxh4 17. Nxh6+ Kh8 18. h3 Ng8 19. Nf5 b5 20. O-O Qf6 21. e4
Nh6 22. Ne3 dxe4 23. Qxe4 Rfe8 24. Qb7 Nf8 25. Rae1 Reb8 26. Qc6 Qxc6 0-1

[Event "Flint (MEX/1)"]
[Site "?"]
[Date "1991.??.??"]
[Round "?"]
[White "Vandivier, Don"]
[Black "Laren, Philip"]
[Result "0-1"]
[WhiteElo "2045"]
[BlackElo "2215"]
[PlyCount "106"]
[EventDate "1991.??.??"]

1. e4 d5 2. exd5 Qxd5 3. Nc3 Qa5 4. d4 Nf6 5. Bc4 c6 6. a3 Bg4 7. Be2 Bxe2 8.
Qxe2 e6 9. Bd2 Nbd7 10. Nf3 Qc7 11. Bg5 Bd6 12. Bh4 O-O 13. Bg3 Nd5 14. Ne4
Bxg3 15. hxg3 N5f6 16. O-O-O Rfd8 17. Nxf6+ Nxf6 18. Ne5 c5 19. g4 h6 20. g5
hxg5 21. Qe3 cxd4 22. Rxd4 Rxd4 23. Qxd4 Rc8 24. c3 Qc5 25. Rd1 Qxd4 26. Rxd4
Kf8 27. Kc2 Ke7 28. b4 b5 29. Kb3 Nd5 30. Rd3 f6 31. c4 bxc4+ 32. Nxc4 Nf4 33.
Rg3 Rc7 34. Rg4 Rd7 35. g3 Ne2 36. Re4 Nd4+ 37. Ka4 Rd5 38. Na5 Kd7 39. Nb7 e5
40. f4 gxf4 41. gxf4 Ne6 42. fxe5 Rxe5 43. Rg4 g5 44. Rg1 Re4 45. Na5 g4 46.
Kb5 f5 47. Ka6 Nc7+ 48. Kxa7 Nb5+ 49. Ka6 Nxa3 50. Rd1+ Ke6 51. Nc6 g3 52. Nd4+
Rxd4 53. Rxd4 g2 0-1

[Event "East Lansing (MOR/7)"]
[Site "?"]
[Date "1991.??.??"]
[Round "?"]
[White "Vandenburg, V.E."]
[Black "Idzikowski, T."]
[Result "0-1"]
[WhiteElo "1605"]
[BlackElo "1605"]
[PlyCount "84"]
[EventDate "1991.??.??"]

1. b4 e5 2. a3 Nf6 3. Bb2 d6 4. e3 Be7 5. c4 O-O 6. Nc3 c6 7. Nf3 Bg4 8. Be2
Bxf3 9. Bxf3 d5 10. cxd5 cxd5 11. O-O e4 12. Be2 Nbd7 13. Rc1 Rc8 14. Qb3 Nb6
15. Nb5 a6 16. Nd4 Qd7 17. h3 Kh8 18. d3 Rfd8 19. g4 h6 20. Nf5 exd3 21. Qxd3
Rxc1 22. Rxc1 Rg8 23. Be5 Bd8 24. Qd4 Qe6 25. Bd3 Nbd7 26. Bf4 Bb6 27. Qb2 Nf8
28. b5 axb5 29. Qxb5 Ng6 30. Bc7 Nd7 31. Bxb6 Nxb6 32. a4 Ne5 33. Be2 Rb8 34.
a5 Nbd7 35. Nd4 Qa6 36. Qb4 Qa7 37. Rc7 Nc6 38. Nxc6 bxc6 39. Qe7 Qxc7 40. Qxf7
Rf8 41. Qg6 Qxa5 42. Bd3 Qe1+ 0-1

[Event "East Lansing (MOR/2)"]
[Site "?"]
[Date "1991.??.??"]
[Round "?"]
[White "Vandenburg, V.E."]
[Black "Brooks, Brion"]
[Result "0-1"]
[WhiteElo "1605"]
[BlackElo "1745"]
[PlyCount "91"]
[EventDate "1991.??.??"]

1. b4 Nf6 2. Bb2 b6 3. e3 Bb7 4. Nf3 d5 5. c4 c6 6. d4 e6 7. a3 Nbd7 8. Nc3 Be7
9. Bd3 O-O 10. O-O c5 11. b5 Qc7 12. Rc1 dxc4 13. Be2 Rac8 14. Qd2 Rfd8 15. Qc2
Ng4 16. h3 Bxf3 17. hxg4 Bxe2 18. Nxe2 cxd4 19. exd4 Nf6 20. f3 Nd5 21. Qe4 Qd7
22. a4 Bb4 23. Qb1 Ne3 24. Rfe1 Bxe1 25. Rxe1 Nd5 26. Kf2 c3 27. Bc1 Rc4 28.
Qe4 Nf6 29. Qc2 g6 30. Bg5 Kg7 31. Rh1 Rh8 32. Bxf6+ Kxf6 33. Qd3 Qd5 34. Qe3
c2 35. Qf4+ Ke7 36. g5 Qf5 37. Qc1 Rb4 38. Qa3 a5 39. f4 Qe4 40. Nc3 Qxd4+ 41.
Ke2 Qxf4 42. Na2 Qe4+ 43. Kd2 Qf4+ 44. Kxc2 Rc8+ 45. Kd1 Qd4+ 46. Ke1 0-1

[Event "East Lansing (MOR/6)"]
[Site "?"]
[Date "1991.??.??"]
[Round "?"]
[White "Vandenburg, V.E."]
[Black "Austin, Joel"]
[Result "1-0"]
[WhiteElo "1605"]
[BlackElo "1605"]
[PlyCount "57"]
[EventDate "1991.??.??"]

1. b4 e5 2. a3 g6 3. Bb2 Bg7 4. Nf3 Nc6 5. e3 Nge7 6. b5 Na5 7. Nxe5 c6 8. Nxc6
Naxc6 9. Bxg7 Rg8 10. Bf6 Na5 11. Nc3 a6 12. Nd5 d6 13. b6 Kd7 14. Bxe7 Qe8 15.
Nf6+ Kxe7 16. Nxe8 Kxe8 17. c4 Bd7 18. Be2 Ke7 19. O-O Rge8 20. Qc2 Kf8 21. d4
Bf5 22. Bd3 Bxd3 23. Qxd3 Rac8 24. Rac1 Rc6 25. c5 dxc5 26. dxc5 Rec8 27. Rc2
Rxc5 28. Rxc5 Rxc5 29. Qd6+ 1-0

[Event "Detroit (MI Action/6)"]
[Site "?"]
[Date "1991.??.??"]
[Round "?"]
[White "Vallade, J."]
[Black "Weaver, K."]
[Result "1-0"]
[WhiteElo "1605"]
[BlackElo "1605"]
[PlyCount "53"]
[EventDate "1991.??.??"]

1. e4 e5 2. Bc4 Nf6 3. d3 Ng4 4. Qxg4 Bb4+ 5. c3 Bd6 6. Qh5 Rf8 7. Bg5 Be7 8.
Nf3 g6 9. Qh6 Bxg5 10. Nxg5 Qe7 11. Bxf7+ Rxf7 12. Nxf7 Kxf7 13. Qxh7+ Kf6 14.
Qh8+ Kf7 15. O-O Qg5 16. Qh7+ Kf6 17. Na3 d5 18. exd5 Bf5 19. Rad1 e4 20. d6
exd3 21. dxc7 Nc6 22. Rfe1 Ne5 23. b3 d2 24. Re2 Ng4 25. Rexd2 Qf4 26. Rd8 Rxd8
27. cxd8=Q+ 1-0

[Event "Detroit (HPO/3/15)"]
[Site "?"]
[Date "1991.??.??"]
[Round "?"]
[White "Vaka, Flamur"]
[Black "Zacks, Naum"]
[Result "0-1"]
[WhiteElo "1655"]
[BlackElo "1880"]
[PlyCount "32"]
[EventDate "1991.??.??"]

{3/(15)} 1. e4 g6 2. Nf3 d6 3. Nc3 Bg7 4. Bc4 c6 5. O-O Nf6 6. Re1 O-O 7. e5
Ng4 8. e6 d5 9. exf7+ Rxf7 10. Be2 e5 11. d3 Nd7 12. Ng5 Nxf2 13. Nxf7 Qb6 14.
Qd2 Nh3+ 15. Kh1 Qg1+ 16. Rxg1 Nf2# 0-1

[Event "East Lansing (MOR/4)"]
[Site "?"]
[Date "1991.??.??"]
[Round "?"]
[White "Vaka, Flamur"]
[Black "Walker, Douglas"]
[Result "1/2-1/2"]
[WhiteElo "1640"]
[BlackElo "1605"]
[PlyCount "141"]
[EventDate "1991.??.??"]

1. e4 e5 2. Nf3 Nf6 3. Nc3 Nc6 4. Bc4 Bc5 5. d3 h6 6. Bd2 d6 7. h3 O-O 8. Be3
Bb4 9. Bd2 Re8 10. Ne2 Bxd2+ 11. Qxd2 a6 12. Ng3 Ne7 13. Nh4 d5 14. exd5 Nfxd5
15. O-O-O b5 16. Bb3 c6 17. d4 Qd6 18. dxe5 Qxe5 19. Nf3 Qc7 20. Rhe1 Be6 21.
Nd4 c5 22. Nxe6 fxe6 23. Bxd5 Nxd5 24. Nf5 Rad8 25. Ne3 Nb4 26. Qe2 Nxa2+ 27.
Kb1 Rxd1+ 28. Rxd1 Nb4 29. c3 Nc6 30. Nd5 Qf7 31. Ne3 c4 32. Rd6 Ne5 33. Rxa6
Nd3 34. Rb6 Qa7 35. Rxb5 Ra8 36. Nxc4 Qa1+ 37. Kc2 Qa4+ 38. Kd2 Qxb5 39. Qxe6+
Kh8 40. Kxd3 Re8 41. Qg4 Qd5+ 42. Kc2 Re4 43. Qc8+ Kh7 44. Ne3 Qf7 45. Qf5+
Qxf5 46. Nxf5 Re2+ 47. Kd3 Rxf2 48. Ne3 Rxb2 49. c4 Kg8 50. Kd4 Kf7 51. Kd5
Rd2+ 52. Kc6 g6 53. c5 Ke8 54. Nd5 Rxg2 55. Kb7 Rb2+ 56. Nb6 Kd8 57. c6 Rc2 58.
Na8 h5 59. c7+ Ke7 60. c8=Q Rxc8 61. Kxc8 Kf6 62. Nb6 Kf5 63. Nd5 g5 64. Kd7 h4
65. Kd6 g4 66. Ne3+ Kf4 67. Nxg4 Kg3 68. Ke5 Kxh3 69. Kf5 Kg3 70. Kg5 h3 71.
Kf5 1/2-1/2

[Event "East Lansing (MOR/5)"]
[Site "?"]
[Date "1991.??.??"]
[Round "?"]
[White "Vaka, Flamur"]
[Black "Sujarit, P."]
[Result "1/2-1/2"]
[WhiteElo "1640"]
[BlackElo "1605"]
[PlyCount "113"]
[EventDate "1991.??.??"]

1. e4 e5 2. Nf3 Nc6 3. Bb5 a6 4. Ba4 Nf6 5. O-O Be7 6. Re1 b5 7. Bb3 O-O 8. Nc3
d6 9. h3 Bb7 10. d3 Na5 11. Ne2 Nxb3 12. axb3 c5 13. Ng3 a5 14. Nf5 Bc8 15.
Nxe7+ Qxe7 16. Bg5 h6 17. Bd2 b4 18. c3 Be6 19. c4 Ra7 20. Qc2 Qd7 21. Ra2 Rfa8
22. Rea1 Qb7 23. Ne1 Bd7 24. Kf1 Bc6 25. Be3 Ra6 26. Nf3 a4 27. Qd1 a3 28. Qc2
Ne8 29. Bc1 axb2 30. Qxb2 Rxa2 31. Rxa2 Rxa2 32. Qxa2 Qa8 33. Qxa8 Bxa8 34. Ke2
g5 35. g4 f6 36. Nh2 Kf7 37. Nf1 Ng7 38. Ng3 Bc6 39. f3 Bd7 40. Kf2 Kg6 41. Kg2
Ne8 42. Kf2 Nc7 43. Ke2 Na6 44. Kd2 Nb8 45. Kc2 Nc6 46. Be3 Nd8 47. Kd2 Nf7 48.
Ke2 Nh8 49. Nf1 Kf7 50. Bf2 Ng6 51. Bg3 Ne7 52. Bf2 Nc6 53. Nd2 Kg6 54. Kf1 h5
55. Ke1 Nd8 56. Kf1 Ne6 57. Be3 1/2-1/2

[Event "East Lansing (MOR/7)"]
[Site "?"]
[Date "1991.??.??"]
[Round "?"]
[White "Vaka, Flamur"]
[Black "Rumsey, S."]
[Result "0-1"]
[WhiteElo "1640"]
[BlackElo "1605"]
[PlyCount "120"]
[EventDate "1991.??.??"]

1. e4 c5 2. Nf3 d6 3. d4 cxd4 4. Nxd4 Nf6 5. Nc3 Nc6 6. Bg5 e6 7. Bb5 Bd7 8.
Nxc6 Bxc6 9. Bxc6+ bxc6 10. Qf3 Be7 11. Rd1 Qc7 12. O-O h6 13. Bh4 O-O 14. Rfe1
Ne8 15. Bxe7 Qxe7 16. Re2 Qc7 17. Red2 Rd8 18. Qe3 d5 19. Qc5 Qb6 20. Qxb6 axb6
21. exd5 exd5 22. Na4 Rb8 23. Rd3 Nf6 24. Rb3 b5 25. Nc5 Rfe8 26. h3 Re2 27. c3
Ra8 28. a3 Ne4 29. Nxe4 Rxe4 30. Kf1 Rae8 31. Rb4 Rxb4 32. axb4 Ra8 33. Rb1 f6
34. Ke2 Kf7 35. Kd3 Ke6 36. Re1+ Kd7 37. Re2 Re8 38. Rxe8 Kxe8 39. Kd4 Kd7 40.
f4 Kd6 41. g4 g5 42. f5 Kd7 43. Kc5 Kc7 44. b3 Kd7 45. Kb6 Kd6 46. Kb7 c5 47.
bxc5+ Kxc5 48. b4+ Kc4 49. Kb6 Kxc3 50. Kxb5 d4 51. Kc5 d3 52. b5 d2 53. b6
d1=Q 54. Kc6 Qf3+ 55. Kc7 Qf4+ 56. Kc6 Qc4+ 57. Kb7 Kb4 58. Ka7 Qc6 59. Ka6
Qa4+ 60. Kb7 Kb5 0-1